|
|
|
|
| LEADER |
00947cam a2200241 a 4500 |
| 008 |
820414r19791928ii b 001 0 eng |
| 010 |
|
|
|a 79912536
|
| 020 |
|
|
|c 8121507197
|
| 043 |
|
|
|a a-ii---
|
| 082 |
0 |
0 |
|a 722.44
|2 19
|
| 100 |
1 |
|
|a Acharya, Prasanna Kumar,
|
| 245 |
1 |
0 |
|a Indian architecture according to Mānasāra-śilpaśāstra /
|c by Prasanna Kumar Acharya.
|
| 260 |
|
|
|a New Delhi :
|b Munshiram Manoharlal ,
|c 1996.
|
| 300 |
|
|
|a iv, 268 p. ;
|c 25 cm.
|
| 500 |
|
|
|a Reprint. Originally published: London : Oxford University Press, 1928.
|
| 504 |
|
|
|a Includes bibliographical references and index.
|
| 650 |
|
0 |
|a Architecture
|z India.
|
| 700 |
0 |
|
|a Mānasāra.
|
| 942 |
|
|
|2 ddc
|c BK
|
| 600 |
0 |
0 |
|a Mānasāra.
|
| 906 |
|
|
|a 7
|b cbc
|c orignew
|d 4
|e ncip
|f 19
|g y-gencatlg
|
| 999 |
|
|
|c 251807
|d 251807
|
| 952 |
|
|
|0 0
|1 0
|4 0
|6 722_000000000000000_44_ACH_I
|7 0
|9 280461
|a SAN
|b SAN
|c ST1
|d 2017-12-27
|g 500.00
|i 11495
|l 0
|o 722.44, ACH/I
|p SAN11495
|r 2017-12-27
|w 2017-12-27
|y BK
|